| 000 | 01100nam a22003137a 4500 | ||
|---|---|---|---|
| 001 | 6081 | ||
| 003 | FISKH | ||
| 005 | 20250820091112.0 | ||
| 008 | 250307b cb ||||| |||| 00| 0 eng d | ||
| 020 | _a0439444322 | ||
| 040 |
_aFISKH _beng _cFISKH _dFISKH |
||
| 050 | _aTK9965 .M26 | ||
| 082 | _a537 | ||
| 100 |
_aMarkle, Sandra _d(1946-) |
||
| 245 |
_aBuild a room alarm : _bAnd 16 more electrifying project / _cBy Sandra Markle ; Illustrated by Eric Brace |
||
| 250 | _aThis edition first published in 2003 | ||
| 260 |
_aNew York : _bScholastic, _c2003 |
||
| 300 |
_a64 pages : _billustrations ; _c20 cm |
||
| 490 | _aScience dares you! | ||
| 505 | _aW | ||
| 520 | _aGet Charged Up with this book of 16 exciting electricity experiments. Learn all about what electricity is and how it works. Then put your new know-how to the test with these fun science challenges. | ||
| 521 | 8 |
_a880
_bLexile |
|
| 521 | 8 |
_aW
_bRaz-Plus |
|
| 650 |
_2Experiments _aNon-fiction |
||
| 650 |
_2Informational _aScience |
||
| 700 |
_aBrace, Eric _dillustrator |
||
| 942 |
_2ddc _cBK _n0 |
||
| 999 |
_c6081 _d6081 |
||